In the Japanese garden /
Saved in:
| Main Author: | |
|---|---|
| Other Authors: | |
| Format: | Book |
| Language: | English |
| Published: |
[London] :
Cassell,
1991.
|
| Subjects: | |
| Tags: |
Add Tag
No Tags, Be the first to tag this record!
|
| LEADER | 01049nam a2200325Ia 4500 | ||
|---|---|---|---|
| 001 | 007765714-4 | ||
| 005 | 20050329174605.0 | ||
| 008 | 921015s1991 enka 001 0 eng d | ||
| 010 | |a gb 92001781 | ||
| 015 | |a GB92-1781 | ||
| 020 | |a 0912347805 | ||
| 035 | 0 | |a ocm26934449 | |
| 040 | |a UKM |c UKM |d DGL | ||
| 043 | |a a-ja--- | ||
| 050 | |a SB458 |b .Y34 1991 | ||
| 100 | 1 | |a Yamashita, Michael S. | |
| 245 | 1 | 0 | |a In the Japanese garden / |c photography by Michael S. Yamashita ; foreword by Shiro Nakane ; text by Elizabeth Bibb. |
| 260 | |a [London] : |b Cassell, |c 1991. | ||
| 300 | |a 107 p. : |b col. ill. ; |c 26 cm. | ||
| 504 | |a Includes bibliographical references (p. 107) and index. | ||
| 650 | 0 | |a Gardens, Japanese. | |
| 650 | 0 | |a Gardens |z Japan. | |
| 650 | 0 | |a Gardens, Japanese |x Pictorial works. | |
| 650 | 0 | |a Gardens |z Japan |x Pictorial works. | |
| 650 | 0 | |a Gardens, Japanese |z Japan |v Pictorial works. | |
| 650 | 0 | |a Landscape gardening |z Japan. | |
| 655 | 7 | |a Pictorial works. |2 fast | |
| 700 | 1 | |a Bibb, Elizabeth. | |
| 988 | |a 20020608 | ||
| 906 | |0 OCLC | ||


